000 00684nam a2200241Ia 4500
003 OSt
005 20221007080021.0
006 a|||||r|||| 00| 0
007 ta
008 221006b |||||||| |||| 00| 0 eng d
024 _a43,297
037 _cTextual
040 _aFLL
_cFLL
_beng
041 _2eng
_aeng
082 _aV2:2:(Z), Q5
100 _aMalik L.
_9687497
245 0 _aSelected reflections on indian constitutional law and governance
260 _aNew Delhi
_bSatyam law international India
_c2015
300 _a346 xii
_ccm.
700 _a Hassan A.
_9694506
942 _hV2:2:(Z), Q5
_cTEXL
_2CC
999 _c1158129
_d1158129